| 000 | 00000cam 2200000za 4500 |
| 001 | 9.856184 |
| 003 | CaOODSP |
| 005 | 20241203113642 |
| 007 | cr ||||||||||| |
| 008 | 180504s1999 oncdb||#o f00| 0 eng d |
| 040 | |aCaOODSP|beng |
| 041 | |aeng|bfre|brus |
| 043 | |ar------|an-cn---|ae-ur--- |
| 086 | 1 |aCW69-1/98E-PDF |
| 245 | 00|aDistribution, survival, and numbers of lesser snow geese of the Western Canadian Arctic and Wrangel Island, Russia |h[electronic resource] / |cRichard H. Kerbes, Katherine M. Meeres, James E. Hines (editors). |
| 260 | |aOttawa : |bCanadian Wildlife Service, |cc1999. |
| 300 | |a120 p. : |bcharts, maps. |
| 490 | 1 |aOccasional paper ; |vno. 98 |
| 500 | |aDigitized edition from print [produced by Environment and Climate Change Canada]. |
| 504 | |aIncludes bibliographical references. |
| 520 | |a"Recently, in both the scientific and the popular press, wildlife managers and administrators have proclaimed that there are too many Lesser Snow Geese Anser caerulescens caerulescens (hereafter referred to as Snow Geese) in North America. The experts have recommended that goose numbers be reduced in order to prevent the geese from destroying Arctic coastal habitats on which they and other wildlife depend as feeding grounds. It is important to realize that this reduction program is aimed at the Midcontinent Snow Goose Population, which nests in the Eastern and Central Canadian Arctic. So far, that program does not apply to the much smaller and more western populations of Snow Geese, which nest in the Western Canadian Arctic and on Wrangel Island, Russia. Those populations, which are the subject of this report, have shown quite different histories and have presented different management problems"--Background. |
| 530 | |aIssued also in print format. |
| 546 | |aIncludes a summary in French and Russian and abstracts in French. |
| 692 | 07|2gccst|aAquatic birds |
| 692 | 07|2gccst|aPopulation distribution |
| 692 | 07|2gccst|aMigration |
| 693 | 4|aSnow goose |
| 700 | 1 |aKerbes, R. H., |d1943- |
| 700 | 1 |aMeeres, Katherine M. |
| 700 | 1 |aHines, James Edward. |
| 710 | 1 |aCanada. |bEnvironment Canada. |
| 710 | 2 |aCanadian Wildlife Service. |
| 776 | 0#|tDistribution, survival, and numbers of Lesser Snow Geese of the Western Canadian Arctic and Wrangel Island, Russia / |w(CaOODSP)9.614881 |
| 830 | #0|aOccasional paper (Canadian Wildlife Service)|vno. 98|w(CaOODSP)9.504780 |
| 856 | 40|qPDF|s10.20 MB|uhttps://publications.gc.ca/collections/collection_2018/eccc/CW69-1-98-eng.pdf |